Wikipediaに記事がある日本の地震の名前クイズ - Statistics

General Stats
  • This quiz has been taken 121 times
    103 since last reset
  • The average score is 29 of 120
Answer Stats
発生日時 震源地 規模(断りのないものはMj) 最大震度と観測点 Answer % Correct
2016年4月14日21時26分 熊本県熊本地方 M6.4 震度7:益城町 熊本地震
67%
2016年4月16日1時25分 熊本県熊本地方 M7.3 震度7:益城町、西原村 熊本地震
67%
2007年3月25日9時41分 能登半島沖 M6.9 震度6強:穴水町、輪島市、七尾市 能登半島地震
64%
2024年1月1日16時10分 石川県能登地方 M7.6 震度7:志賀町 能登半島地震
64%
2011年3月11日14時46分 三陸沖 Mj8.4/Mw9.0 震度7:栗原市 東北地方太平洋沖地震
59%
2011年3月9日11時45分 三陸沖 M7.3 震度5弱:栗原市、登米市、美里町 三陸沖地震
53%
2012年3月14日18時08分 三陸沖 M7.3 震度4:釧路市、八戸市、南部町、普代村 三陸沖地震
53%
2012年12月7日17時18分 三陸沖 M7.3 震度5弱:八戸市、階上町、盛岡市、滝沢市、栗原市、丸森町、常陸太田市、常陸大宮市、市貝町 三陸沖地震
53%
1936年11月3日5時45分 宮城県沖 M7.4 震度5:石巻、仙台、小名浜 宮城県沖地震
46%
1978年6月12日17時14分 宮城県沖 M7.4 震度5:大船渡市、仙台市、石巻市、新庄市、福島市 宮城県沖地震
46%
2003年5月26日18時24分 宮城県沖 M7.1 震度6弱:大船渡市、江刺市、衣川村、平泉町、室根村、石巻市、涌谷町、栗駒町、高清水町、金成町、桃生町 宮城県沖地震
46%
2011年4月7日23時32分 宮城県沖 M7.2 震度6強:仙台市宮城野区、栗原市 宮城県沖地震
46%
2021年3月20日18時09分 宮城県沖 M6.9 震度5強:仙台市宮城野区、石巻市、岩沼市、登米市、東松島市、大崎市、蔵王町、松島町、涌谷町、美里町 宮城県沖地震
46%
2016年11月22日5時59分 福島県沖 M7.4 震度5弱:白河市、須賀川市、国見町、鏡石町、天栄村、泉崎村、中島村、浅川町、いわき市、広野町、楢葉町、双葉町、浪江町、南相馬市、高萩市、大田原市 福島県沖地震
45%
2021年2月13日23時07分 福島県沖 M7.3 震度6強:蔵王町、国見町、新地町、相馬市 福島県沖地震
45%
2022年3月16日23時36分 福島県沖 M7.4 震度6強:登米市、蔵王町、国見町、相馬市、南相馬市 福島県沖地震
45%
2018年9月6日3時07分 北海道胆振地方中東部 M6.7 震度7:厚真町 北海道胆振東部地震
44%
2004年10月23日17時56分 新潟県中越地方 M6.8 震度7:川口町 新潟県中越地震
41%
2018年6月18日7時58分 大阪府北部 M6.1 震度6弱:大阪市北区、高槻市、枚方市、箕面市 大阪府北部地震
41%
1995年1月17日5時46分 大阪湾 M7.3 震度7:神戸市、西宮市、芦屋市、宝塚市、津名町、北淡町、一宮町 兵庫県南部地震
40%
2019年6月18日22時22分 山形県沖 M6.7 震度6強:村上市 山形県沖地震
38%
1923年6月2日2時24分 茨城県沖 M7.1 震度4:銚子市 茨城県沖地震
36%
1924年8月15日3時02分 茨城県沖 M7.2 震度5:小名浜 茨城県沖地震
36%
1982年7月23日23時23分 茨城県沖 M7.0 震度4:福島市、郡山市、小名浜、水戸市、柿岡、銚子市 茨城県沖地震
36%
2008年5月8日1時45分 茨城県沖 M7.0 震度5弱:水戸市、茂木町 茨城県沖地震
36%
2011年3月11日15時15分 茨城県沖 M7.6 震度6強:鉾田市 茨城県沖地震
36%
2011年3月11日15時08分 岩手県沖 M7.4 震度5弱:八戸市、七戸町、東北町、五戸町、青森南部町、階上町、おいらせ村、東通村、普代村、盛岡市、二戸市、滝沢村、矢巾町 岩手県沖地震
35%
2011年3月12日3時59分 長野県北部 M6.7 震度6強:栄村 長野県北部地震
35%
2014年11月22日22時08分 長野県北部 M6.7 震度6弱:長野市、小谷村、小川村 長野県北部地震
35%
2016年10月21日14時07分 鳥取県中部 M6.6 震度6弱:倉吉市、湯梨浜町、北栄町 鳥取県中部地震
35%
1952年3月4日10時22分 十勝沖 M8.2 震度6:池田、浦幌 十勝沖地震
33%
1968年5月16日9時48分 青森県東方沖 M7.9 震度5:函館、苫小牧、浦河、広尾、青森、八戸、田名部、盛岡 十勝沖地震
33%
2003年9月26日4時50分 十勝沖 M8.0 震度6弱:新冠町、静内町、浦河町、鹿追町、幕別町、豊頃町、忠類村、釧路町、厚岸町 十勝沖地震
33%
2011年6月30日8時16分 長野県中部 M5.4 震度5強:松本市 長野県中部地震
33%
1905年6月2日14時39分 安芸灘 M7.3程度 烈(震度6相当):呉、広島 芸予地震
32%
2001年3月24日15時27分 安芸灘 M6.7 震度6弱:河内町、大崎町、熊野町 芸予地震
32%
2009年8月11日5時07分 駿河湾 M6.5 震度6弱:伊豆市、焼津市、御前崎市、牧之原市 駿河湾地震
32%
2000年10月6日13時30分 鳥取県西部 M7.3 震度6強:日野町、境港市 鳥取県西部地震
31%
2011年3月15日22時31分 静岡県東部 M6.4 震度6強:富士宮市 静岡県東部地震
31%
2024年4月17日23時14分 豊後水道 M6.6 震度6弱:愛南町、宿毛市 豊後水道地震
31%
1961年2月27日3時10分 日向灘 M7.0 震度5:宮崎市、日南市、都城市 日向灘地震
29%
1968年2月27日9時42分 日向灘 M7.5 震度5:宿毛市、延岡市 日向灘地震
29%
1987年12月17日11時08分 千葉県東方沖 M6.7 震度5:勝浦市、千葉市、銚子市 千葉県東方沖地震
29%
2011年4月11日17時16分 福島県浜通り M7.0 震度6弱:いわき市、古殿町、中島村、鉾田市 福島県浜通り地震
29%
2012年3月14日21時05分 千葉県東方沖 M6.1 震度5強:神栖市、銚子市 千葉県東方沖地震
29%
2015年5月30日20時23分 小笠原諸島西方沖 M8.1 震度5強:小笠原村、二宮町 小笠原諸島西方沖地震
29%
1948年6月28日16時13分 福井県嶺北地方 M7.1 震度6:福井市 福井地震
27%
1962年4月30日11時26分 宮城県北部 M6.5 震度4:岩手県、宮城県、山形県、福島県 宮城県北部地震
27%
1993年7月12日22時17分 北海道南西沖 M7.8 震度5:江差町、小樽市、寿都町、深浦町 北海道南西沖地震
27%
2003年7月26日7時13分 宮城県北部 M6.4 震度6強:南郷町、矢本町、鳴瀬町 宮城県北部地震
27%
2015年11月14日5時51分 薩摩半島西方沖 M7.1 震度4:白石町、鹿児島市、いちき串木野市、南さつま市、屋久島町 薩摩半島西方沖地震
27%
1964年6月16日13時01分 新潟県沖 M7.5 震度5:仙台市、鳴子通報所、酒田市、新庄市、荒沢通報所、只見通報所、新潟市、佐渡市、長岡通報所 新潟地震
26%
1994年10月4日22時22分 北海道東方沖 M8.2 震度6:釧路市、厚岸町 北海道東方沖地震
26%
1993年1月15日20時06分 釧路沖 M7.5 震度6:釧路市 釧路沖地震
24%
2007年7月16日10時13分 新潟県沖 M6.8 震度6強:長岡市、柏崎市、刈羽村 新潟県中越沖地震
24%
2013年2月2日23時17分 十勝地方南部 M6.5 震度5強:浦幌町、根室市、釧路市 十勝地方南部地震
24%
2008年6月14日8時43分 岩手県内陸南部 M7.2 震度6強:奥州市、栗原市 岩手・宮城内陸地震
23%
2008年7月24日0時26分 岩手県沿岸北部 M6.8 震度6弱:八戸市、階上町、野田村、五戸町 岩手県沿岸北部地震
23%
1918年9月8日日時不明 択捉島沖 Mw8.0-8.3程度 不明 択捉島沖地震
22%
1958年11月7日7時58分 択捉島沖 M8.0 震度5:釧路市 択捉島沖地震
22%
1963年10月13日15時18分 択捉島沖 M8.1 震度4:帯広、浦河 択捉島沖地震
22%
1983年5月26日11時59分 秋田県沖 M7.7 震度5:深浦町、むつ市、秋田市 日本海中部地震
22%
1994年12月28日21時19分 三陸沖 M7.6 震度6:八戸市 三陸はるか沖地震
22%
2013年4月13日5時33分 淡路島近海 M6.3 震度6弱:淡路市 淡路島地震
22%
2020年2月13日19時33分 択捉島南東沖 M7.2 震度4:標茶町、標津町、別海町、根室市 択捉島南東沖地震
22%
1943年9月10日17時36分 鳥取県東部 M7.2 震度6:湖山村 鳥取地震
21%
1946年12月21日4時19分 和歌山県沖 M8.0 震度6:西大寺、五郷、郡家、津田、下高瀬、野根、沖ノ島 昭和南海地震
21%
2005年3月20日10時53分 福岡県北西沖 M7.0 震度6弱:福岡市、前原市、みやき町 福岡県西方沖地震
21%
2010年2月27日5時31分 沖縄本島近海 M7.2 震度5弱:糸満市 沖縄本島近海地震
21%
2010年12月22日2時20分 父島近海 M7.8 震度4:小笠原村 父島近海地震
21%
1923年9月1日11時58分 神奈川県西部 M7.9-8.1 震度6:熊谷、布良、東京、横須賀、甲府 関東地震
19%
1944年12月7日13時36分 三重県沖 M7.9 震度6:御前崎、津、豊浜、赤羽根、大野、津島、四日市、大杉谷、諏訪 昭和東南海地震
19%
1978年1月14日12時24分 伊豆大島近海 M7.0 震度5:伊豆大島、横浜市 伊豆大島近海地震
18%
1933年3月3日2時30分 三陸沖 M8.1 震度5:宮古、石巻、仙台、福島、猪苗代測候所、柿岡 昭和三陸地震
17%
1945年1月13日3時38分 三河湾 M6.8 震度5:津 三河地震
17%
2020年12月~ 石川県能登地方 最大M7.6 震度7:志賀町(最大地震) 能登群発地震
17%
1941年7月15日23時45分 長野県北部 M6.1 震度6:長野市 長野地震
15%
1965年8月3日~1970年6月5日 長野県北部 最大M5.4 最大震度5:9回発生 松代群発地震
15%
1969年8月12日6時27分 色丹島沖 M7.8 震度4:広尾町、釧路市、根室市 色丹島沖地震
15%
1998年9月3日16時58分 岩手県内陸北部 M6.1-6.2 震度6弱:雫石町 岩手県内陸北部地震
15%
1982年3月21日11時32分 浦河沖 M7.1 震度6:浦河町 浦河沖地震
14%
1983年8月8日12時47分 山梨県東部 M6.0 震度4:甲府市、三島市、東京、横浜市 山梨県東部地震
14%
1998年5月4日8時30分 石垣島南方沖 M7.7 震度3:平良市、多良間村、石垣市、竹富町、与那国町 石垣島南方沖地震
14%
2004年12月14日14時56分 留萌支庁南部 M6.1 震度5強:苫前町 留萌支庁南部地震
14%
1935年7月11日17時24分 静岡県中部 M6.4 震度6:静岡 静岡地震
13%
1968年2月21日10時44分 宮崎県南部山沿い M6.1 震度6:えびの町 えびの地震
13%
1972年12月4日19時16分 八丈島東方沖 M7.2 震度6:八丈町 八丈島東方沖地震
13%
1955年7月27日10時20分 徳島県南部 M6.5 震度5:宮浜村、木頭村 徳島県南部地震
12%
1973年6月17日12時55分 根室半島沖 M7.4 震度5:釧路市、根室市 根室半島沖地震
12%
1909年8月14日15時31分 滋賀県北東部 M6.8 震度6:長浜(推定) 姉川地震
9%
1911年6月15日23時26分 喜界島南方 M7.8-8.0 烈:名瀬 喜界島地震
9%
1940年8月2日0時08分 積丹半島沖 M7.5 震度4:羽幌、留萌、幌延、岩内、乙部など 積丹半島沖地震
9%
2013年4月17日~4月18日 三宅島近海 最大M6.2 震度5強:三宅村(最大地震) 三宅島近海群発地震
9%
1914年1月12日18時28分 鹿児島湾 M7.1 震度6:鹿児島市 桜島地震
8%
1925年5月23日11時11分 兵庫県北部 M6.8 震度6:豊岡 北但馬地震
8%
1938年5月29日1時42分 弟子屈周辺 M6.1 震度3:釧路市、根室市 弟子屈地震
8%
1949年12月26日8時24分 栃木県北部 M6.4 震度4:水戸、柿岡、熊谷 今市地震
8%
1961年2月2日3時39分 新潟県中越地方 M5.2 震度4:長岡市 長岡地震
8%
1953年11月26日2時49分 千葉県南方沖 M7.4 震度5:富崎、三宅島 房総沖地震
6%
1962年4月23日14時58分 広尾町沖 M7.1 震度5:帯広市、広尾町 広尾沖地震
6%
1984年9月14日8時48分 長野県南部 M6.8 震度6:王滝村 長野県西部地震
6%
1927年3月7日18時27分 兵庫県北部 M7.3 震度6:宮津測候所、豊岡 北丹後地震
5%
1930年10月17日6時35分 石川県西方沖 M6.3 震度5:伏木 大聖寺地震
5%
1931年9月21日11時19分 埼玉県北部 M6.9 震度5:水戸、筑波山測候所、柿岡、足尾測候所、前橋、熊谷 西埼玉地震
5%
1939年5月1日14時58分 秋田県沿岸北部 M6.8 震度5:秋田市、鷹巣町 男鹿地震
5%
1952年3月7日16時32分 能登半島沖 M6.5 震度4:富山、輪島、福井 大聖寺沖地震
5%
1974年5月9日8時33分 駿河湾 M6.9 震度5:石廊崎 伊豆半島沖地震
5%
2004年9月5日23時57分 三重県沖 M7.4 震度5弱:松坂市、香良洲町、下北山村、新宮市 紀伊半島南東沖地震
5%
1924年1月15日5時50分 神奈川県西部 M7.3 震度6:甲府 丹沢地震
4%
1930年11月26日早朝 静岡県伊豆地方 M7.3 震度6:三島市 北伊豆地震
4%
1952年7月18日1時10分 奈良県 M6.7 震度5:堅田村、多羅尾村、岩出町、富島町、龍野町 吉野地震
4%
1997年3月26日17時31分 鹿児島県薩摩地方 M6.6 震度5強:阿久根市、川内市、宮之城町 鹿児島県北西部地震
4%
1997年5月13日14時38分 鹿児島県薩摩地方 M6.4 震度6弱:川内市 鹿児島県北西部地震
4%
1914年3月15日4時59分 秋田県仙北郡 M6.4-7.1 震度7:強首村(推定) 秋田仙北地震
3%
1936年2月21日10時07分 奈良県 M6.4 震度5:京都市、大阪市、奈良市 河内大和地震
3%
1938年11月5日17時43分など 福島県沖 最大M7.5 震度5:仙台、石巻、福島、小名浜、水戸、筑波山測候所(最大地震) 福島県東方沖地震
3%
1961年8月19日14時33分 石川県加賀地方 M7.0 震度4:福井、大野測候所、敦賀、諏訪、飯田、可児川通報所、白鳥通報所、名古屋、亀山測候所、津、舞鶴、豊岡 北美濃地震
3%
2000年6月26日~ 伊豆大島近海 最大M6.5 最大震度6弱:6回発生 伊豆諸島北部群発地震
3%
1933年9月21日12時14分 石川県能登地方 M6.0 震度4:富山、伏木、輪島 七尾湾地震
1%
1969年9月9日14時15分 岐阜県郡上郡 M6.6 震度5:三岳村 岐阜県中部地震
1%
No matching quizzes found
Score Distribution
Percent of People with Each Score
Percentile by Number Answered
Your Score History
You have not taken this quiz since the last reset